Entry Nombre personal
001 - NÚMERO DE CONTROL
- campo de control: 234454
003 - IDENTIFICADOR DE NÚMERO DE CONTROL
- campo de control: SpMaBN
005 - FECHA Y HORA DE LA ÚLTIMA TRANSACCIÓN
- campo de control: 20231218170625.0
008 - ELEMENTOS DE DATO DE LONGITUD-FIJA
- campo de control de longitud fija: 110125n|#azznnaabn |a aaa ##
024 7# - IDENTIFICADOR DE OTROS ESTÁNDARES
- Número estándar o código: http://viaf.org/viaf/162589565/
- Fuente: viaf
040 ## - FUENTE DE CATALOGACIÓN
- Centro catalogador/agencia de origen: SpMaBN
- Lengua de catalogación: spa
- Centro/agencia transcriptor: SpMaBN
- Normas de descripción: rdc
- Convención/Normas de encabezamiento de materia/tesauro: embne
100 1# - ENCABEZAMIENTO-NOMBRE DE PERSONA
- Nombre de persona: Rodríguez Quintana, M. I.
373 ## - GRUPO ASOCIADO
- Grupo asociado: Ateneo de Madrid
- Período de inicio: 1980
- Fuente de información: Censo mensual de socios 2023
400 1# - TRAZADO DE VÉASE--NOMBRE DE PERSONA
- Nombre de persona: Rodríguez Quintana, Milagros Isabel
670 ## - FUENTE DE DATOS ENCONTRADOS
- Cita de la fuente: El obrador de escultura de Rafael de León y Luis de Villoldo, 1991
- Información encontrada: port. (M.I. Rodríguez Quintana)
670 ## - FUENTE DE DATOS ENCONTRADOS
- Cita de la fuente: Llamada telefónica de la autora, 6-6-2013
- Información encontrada: (Milagros Isabel Rodríguez Quintana)
678 ## - DATOS BIOGRÁFICOS O HISTÓRICOS
- Datos biográficos o históricos: Socia del Ateneo de Madrid n. 16515; ingresó el 23/10/1980
- Ampliación de la nota: Fuente: Censo mensual de socios 2023
